Bibó István politikai gondolkodása

Elmentve itt :
Bibliográfiai részletek
Szerző: Muray, Leslie A.
Adatforrás:Philobibl
Forrásdokumentuma:Magyar Filozófiai Szemle 38
1994/3-4., 521-528. p.
Dokumentumtípus: Cikk
Nyelv:magyar
LEADER 00351nab a2200109 c 4500
001 bibDOK00001965
005 20200924115836.7
008 060518s1994 hu hun
100 1 |a Muray, Leslie A. 
245 1 0 |a Bibó István politikai gondolkodása  |c Muray, Leslie A. 
500 |a Keresztes György (ford.) 
773 0 |t Magyar Filozófiai Szemle 38  |g 1994/3-4., 521-528. p.